<?xml version="1.0" encoding="UTF-8"?><?xml-stylesheet type="text/xsl" href="static/style.xsl"?><OAI-PMH xmlns="http://www.openarchives.org/OAI/2.0/" xmlns:xsi="http://www.w3.org/2001/XMLSchema-instance" xsi:schemaLocation="http://www.openarchives.org/OAI/2.0/ http://www.openarchives.org/OAI/2.0/OAI-PMH.xsd"><responseDate>2026-06-05T17:47:24Z</responseDate><request verb="GetRecord" identifier="oai:riuma.uma.es:10630/8056" metadataPrefix="marc">https://riuma.uma.es/rest/oai/request</request><GetRecord><record><header><identifier>oai:riuma.uma.es:10630/8056</identifier><datestamp>2026-02-03T12:06:34Z</datestamp><setSpec>com_10630_2254</setSpec><setSpec>col_10630_37959</setSpec></header><metadata><record xmlns="http://www.loc.gov/MARC21/slim" xmlns:dcterms="http://purl.org/dc/terms/" xmlns:doc="http://www.lyncode.com/xoai" xmlns:xsi="http://www.w3.org/2001/XMLSchema-instance" xsi:schemaLocation="http://www.loc.gov/MARC21/slim http://www.loc.gov/standards/marcxml/schema/MARC21slim.xsd">
   <leader>00925njm 22002777a 4500</leader>
   <datafield ind2=" " ind1=" " tag="042">
      <subfield code="a">dc</subfield>
   </datafield>
   <datafield ind2=" " ind1=" " tag="720">
      <subfield code="a">Carrasco Mora, José Manuel</subfield>
      <subfield code="e">author</subfield>
   </datafield>
   <datafield ind2=" " ind1=" " tag="720">
      <subfield code="a">Cubo, Javier</subfield>
      <subfield code="e">author</subfield>
   </datafield>
   <datafield ind2=" " ind1=" " tag="720">
      <subfield code="a">Pimentel-Sánchez, Ernesto</subfield>
      <subfield code="e">author</subfield>
   </datafield>
   <datafield ind2=" " ind1=" " tag="260">
      <subfield code="c">2014-09-19</subfield>
   </datafield>
   <datafield ind2=" " ind1=" " tag="520">
      <subfield code="a">Desplegar y controlar una aplicación compleja sobre un conjunto heterogéneo de proveedores es un problema muy novedoso y complejo al que los clientes de las plataformas de cloud se deben de enfrentar. Los proveedores exponen sus servicios de acuerdo a especificaciones independientes&#xd;
incurriendo en una falta de portabilidad e interoperabilidad que converge en la problemática conocida como "vendor lock-in". Han surgido&#xd;
varias propuestas que aportan soluciones a este ámbito, como el estándar TOSCA que permite describir una aplicación y automatizar su&#xd;
despliegue sobre un único proveedor. Extendiendo&#xd;
el estándar mencionado, en este trabajo proponemos una metodología de despliegue y orquestación de los componentes de una aplicación en un entorno multi-cloud mediante el uso simultáneo de servicios de diferentes&#xd;
proveedores.</subfield>
   </datafield>
   <datafield ind1="8" ind2=" " tag="024">
      <subfield code="a">http://hdl.handle.net/10630/8056</subfield>
   </datafield>
   <datafield tag="653" ind2=" " ind1=" ">
      <subfield code="a">Computación en la nube</subfield>
   </datafield>
   <datafield ind2="0" ind1="0" tag="245">
      <subfield code="a">Propuesta de metodología de despliegue de aplicaciones en nubes heterogéneas con TOSCA</subfield>
   </datafield>
</record>
</metadata></record></GetRecord></OAI-PMH>